00289nam a2200121Ia 4500008004100000041000900041082001900050100002100069245002200090260003900112300000800151650000800159230718s9999 xx 000 0 und d aEng. a346.086bCLO-R aCloughton David  0aRiley on Business aPakistanbSweet and Morwell c1999 a513 aLaw